Normal view
MARC view
- Sehgal, Ikram.
Entry Personal Name
001 - CONTROL NUMBER
- control field: 6732
003 - CONTROL NUMBER IDENTIFIER
- control field: NUST
005 - DATE AND TIME OF LATEST TRANSACTION
- control field: 20171123110143.0
008 - FIXED-LENGTH DATA ELEMENTS
- fixed length control field: 171123|| aca||aabn | a|a d
040 ## - CATALOGING SOURCE
- Original cataloging agency: NUST
- Transcribing agency: NUST
100 ## - HEADING--PERSONAL NAME
- Personal name: Sehgal, Ikram.
670 ## - SOURCE DATA FOUND
- Source citation: Work cat.: (NUST)0: Sehgal, Ikram., Escape from Oblivion :, 2012.
